000 00508nam a2200169Ia 4500
005 20250508155733.0
008 008 250505s9999 xx 000 0 eng d
037 _aBooks to be hide in OPAC
040 _aFEDL
_beng
_cFEDL
041 _aeng
_2eng
084 _a371.6, COL/O
_qFEDL
245 0 _aHigh rise schools : A case study
260 _aColombo
_bAsian Regional Institute for School Building Research
_c1969
300 _a25p.
942 _cHB
_h371.6, COL/O
999 _c1359035
_d1359035